00476nam a2200181 a 4500001001300000003000900013005001700022008004100039020002300080082001700103100001700120245001700137260005500154300000900209500003500218505002400253700001700277nice12345678IN_TiNIC20260116013727.0050524s1998 newa grp 000 0 eng  a8121518 c30000a297.4bSHA11 aSharda S R,  aSufi Thought aNew Delhi bMunshiram Manoharlal Publishers c1998 a288p aincludes index and biblioraphy2 aBibliography, Index1 aSharda S R,